| 000 | 00806cam a22002653a 4500 | ||
|---|---|---|---|
| 001 | 15870 | ||
| 003 | PGUSA | ||
| 005 | 20140828083335.0 | ||
| 008 | 050520s2005||||xxu|||||s|||||000 p eng d | ||
| 040 |
_aPGUSA _beng |
||
| 042 | _adc | ||
| 050 | 4 | _aBF | |
| 100 | 1 |
_aHill, Aaron, _d1685-1750 |
|
| 245 | 1 | 0 |
_a'Of Genius', in The Occasional Paper, and Preface to The Creation _h[electronic resource] / _cAaron Hill |
| 260 |
_bProject Gutenberg, _c2005 |
||
| 500 | _aAugustan Reprint Society, publication number 18 | ||
| 506 | _aPublic domain in the USA. | ||
| 516 | _aElectronic text | ||
| 653 | _aGenius | ||
| 653 | _aHebrew poetry -- History and criticism | ||
| 700 | 1 | _aPahl, Gretchen Graf | |
| 830 | 0 |
_aProject Gutenberg _v15870 |
|
| 856 | 4 | 0 | _uhttp://www.gutenberg.org/ebooks/15870 |
| 942 | _cEB | ||
| 999 |
_c245125 _d245125 |
||